5 Biggest Cities In Each US State By Proximity Without A Map - Statistics

General Stats
  • This quiz has been taken 856 times
  • The average score is 205 of 250
Answer Stats
Path State City % Correct
waterbury Connecticut Waterbury
98%
allentown Pennsylvania Allentown
97%
boston Massachusetts Boston
97%
cambridge Massachusetts Cambridge
97%
elizabeth New Jersey Elizabeth
97%
jersey-city New Jersey Jersey City
97%
lakewood-township New Jersey Lakewood Township
97%
lax California Los Angeles
97%
lowell Massachusetts Lowell
97%
newark New Jersey Newark
97%
nyc New York New York City
97%
paterson New Jersey Paterson
97%
philly Pennsylvania Philadelphia
97%
yonkers New York Yonkers
97%
aurora Colorado Aurora
96%
bridgeport Connecticut Bridgeport
96%
cheyenne Wyoming Cheyenne
96%
cincinnati Ohio Cincinnati
96%
concord New Hampshire Concord
96%
covington Kentucky Covington
96%
cranston Rhode Island Cranston
96%
denver Colorado Denver
96%
derry New Hampshire Derry
96%
east-providence Rhode Island East Providence
96%
fort-collins Colorado Fort Collins
96%
hartford Connecticut Hartford
96%
henderson Nevada Henderson
96%
lakewood Colorado Lakewood
96%
las-vegas Nevada Las Vegas
96%
manchester New Hampshire Manchester
96%
nashua New Hampshire Nashua
96%
new-haven Connecticut New Haven
96%
north-las-vegas Nevada North Las Vegas
96%
pawtucket Rhode Island Pawtucket
96%
providence Rhode Island Providence
96%
springfieldma Massachusetts Springfield
96%
stamford Connecticut Stamford
96%
warwick Rhode Island Warwick
96%
worcester Massachusetts Worcester
96%
bear Delaware Bear
95%
dover Delaware Dover
95%
dovernh New Hampshire Dover
95%
miami Florida Miami
95%
middletown Delaware Middletown
95%
newarkde Delaware Newark
95%
portlandme Maine Portland
95%
reading-city Pennsylvania Reading
95%
rockford Illinois Rockford
95%
south-portland Maine South Portland
95%
toledo Ohio Toledo
95%
wilmington Delaware Wilmington
95%
auburn Maine Auburn
94%
bowling-green Kentucky Bowling Green
94%
chandler Arizona Chandler
94%
chicago Illinois Chicago
94%
dallas Texas Dallas
94%
fort-worth Texas Fort Worth
94%
hattiesburg Mississippi Hattiesburg
94%
independence Missouri Independence
94%
indianapolis Indiana Indianapolis
94%
kansas-city Kansas Kansas City
94%
kenosha Wisconsin Kenosha
94%
lewiston Maine Lewiston
94%
madison Wisconsin Madison
94%
mesa Arizona Mesa
94%
milwaukee Wisconsin Milwaukee
94%
naperville Illinois Naperville
94%
olathe Kansas Olathe
94%
overland-park Kansas Overland Park
94%
phoenix Arizona Phoenix
94%
racine Wisconsin Racine
94%
san-francisco California San Francisco
94%
san-jose California San Jose
94%
scottsdale Arizona Scottsdale
94%
topeka Kansas Topeka
94%
winston-salem North Carolina Winston-Salem
94%
atlanta Georgia Atlanta
93%
cleveland Ohio Cleveland
93%
columbus Georgia Columbus
93%
detroit Michigan Detroit
93%
greensboro North Carolina Greensboro
93%
macon Georgia Macon
93%
warren Michigan Warren
93%
austin Texas Austin
92%
baltimore Maryland Baltimore
92%
baton-rouge Louisiana Baton Rouge
92%
bellevuewa Washington Bellevue
92%
bowie Maryland Bowie
92%
colorado-springs Colorado Colorado Springs
92%
gaithersburg Maryland Gaithersburg
92%
gresham Oregon Gresham
92%
hillsboro Oregon Hillsboro
92%
houston Texas Houston
92%
new-orleans Louisiana New Orleans
92%
orem Utah Orem
92%
orlando Florida Orlando
92%
portland Oregon Portland
92%
provo Utah Provo
92%
rockville Maryland Rockville
92%
salem Oregon Salem
92%
slc Utah Salt Lake City
92%
san-antonio Texas San Antonio
92%
seattle Washington Seattle
92%
south-bend Indiana South Bend
92%
st-petersburg Florida St. Petersburg
92%
tacoma Washington Tacoma
92%
tampa Florida Tampa
92%
vancouver Washington Vancouver
92%
west-jordan Utah West Jordan
92%
wvc Utah West Valley City
92%
jackson Mississippi Jackson
91%
abq New Mexico Albuquerque
90%
biloxi Mississippi Biloxi
90%
birmingham Alabama Birmingham
90%
bloomington Minnesota Bloomington
90%
charlotte North Carolina Charlotte
90%
clarksville Tennessee Clarksville
90%
east-honolulu Hawaii East Honolulu
90%
gulfport Mississippi Gulfport
90%
honolulu Hawaii Honolulu
90%
kansas Missouri Kansas City
90%
minneapolis Minnesota Minneapolis
90%
nashville Tennessee Nashville
90%
pearl-city Hawaii Pearl City
90%
rio-rancho New Mexico Rio Rancho
90%
rochestermn Minnesota Rochester
90%
san-diego California San Diego
90%
santa-fe New Mexico Santa Fe
90%
st-paul Minnesota St. Paul
90%
waipahu Hawaii Waipahu
90%
anchorage Alaska Anchorage
89%
aurorail Illinois Aurora
89%
bellevue Nebraska Bellevue
89%
knik-fairview Alaska Knik-Fairview
89%
lincoln Nebraska Lincoln
89%
norman Oklahoma Norman
89%
oklahoma-city Oklahoma Oklahoma City
89%
omaha Nebraska Omaha
89%
tulsa Oklahoma Tulsa
89%
carmel Indiana Carmel
88%
chesapeake Virginia Chesapeake
88%
durham North Carolina Durham
88%
lexington Kentucky Lexington
88%
louisville Kentucky Louisville
88%
montgomery Alabama Montgomery
88%
newport-news Virginia Newport News
88%
norfolk Virginia Norfolk
88%
raleigh North Carolina Raleigh
88%
richmond Virginia Richmond
88%
tuscaloosa Alabama Tuscaloosa
88%
virginia-beach Virginia Virginia Beach
88%
ann-arbor Michigan Ann Arbor
87%
buffalo New York Buffalo
87%
rochester New York Rochester
87%
rock-hill South Carolina Rock Hill
87%
sterling-heights Michigan Sterling Heights
87%
erie Pennsylvania Erie
86%
frederick Maryland Frederick
86%
jacksonville Florida Jacksonville
85%
jonesboro Arkansas Jonesboro
85%
juneau Alaska Juneau
85%
little-rock Arkansas Little Rock
85%
memphis Tennessee Memphis
85%
sioux-city Iowa Sioux City
85%
southaven Mississippi Southaven
85%
charleston South Carolina Charleston
84%
mount-pleasant South Carolina Mount Pleasant
84%
north-charleston South Carolina North Charleston
84%
savannah Georgia Savannah
84%
boise Idaho Boise
83%
des-moines Iowa Des Moines
83%
meridian Idaho Meridian
83%
nampa Idaho Nampa
83%
columbus-2 Ohio Columbus
82%
akron Ohio Akron
81%
huntsville Alabama Huntsville
81%
joliet Illinois Joliet
81%
lawton Oklahoma Lawton
81%
reno Nevada Reno
81%
sparks Nevada Sparks
81%
tucson Arizona Tucson
81%
charlestonwv West Virginia Charleston
80%
huntington West Virginia Huntington
80%
owensboro Kentucky Owensboro
80%
parkersburg West Virginia Parkersburg
80%
augusta Georgia Augusta
77%
columbia South Carolina Columbia
77%
pittsburgh Pennsylvania Pittsburgh
76%
rutland Vermont Rutland
75%
broken-arrow Oklahoma Broken Arrow
74%
sioux-falls South Dakota Sioux Falls
74%
badger Alaska Badger
72%
fairbanks Alaska Fairbanks
72%
lafayette Louisiana Lafayette
72%
syracuse New York Syracuse
71%
fayetteville Arkansas Fayetteville
70%
grand-island Nebraska Grand Island
70%
springdale Arkansas Springdale
70%
st-louis Missouri St. Louis
70%
billings Montana Billings
69%
mobile Alabama Mobile
68%
fargo North Dakota Fargo
67%
fort-wayne Indiana Fort Wayne
67%
grand-forks North Dakota Grand Forks
67%
west-fargo North Dakota West Fargo
67%
bismarck North Dakota Bismarck
65%
columbiamo Missouri Columbia
65%
morgantown West Virginia Morgantown
65%
wheeling West Virginia Wheeling
65%
brookings South Dakota Brookings
64%
eugene Oregon Eugene
64%
springfield Missouri Springfield
64%
watertown South Dakota Watertown
64%
wichita Kansas Wichita
64%
burlington Vermont Burlington
62%
colchester Vermont Colchester
62%
essex Vermont Essex
62%
fresno California Fresno
62%
grand-rapids Michigan Grand Rapids
62%
south-burlington Vermont South Burlington
62%
spokane Washington Spokane
61%
knoxville Tennessee Knoxville
60%
davenport Iowa Davenport
58%
laramie Wyoming Laramie
58%
butte Montana Butte
57%
chattanooga Tennessee Chattanooga
57%
cedar-rapids Iowa Cedar Rapids
56%
iowa-city Iowa Iowa City
56%
fort-smith Arkansas Fort Smith
53%
bangor Maine Bangor
52%
lake-charles Louisiana Lake Charles
51%
missoula Montana Missoula
51%
shreveport Louisiana Shreveport
51%
bozeman Montana Bozeman
50%
green-bay Wisconsin Green Bay
47%
duluth Minnesota Duluth
41%
hilo Hawaii Hilo
41%
las-cruces New Mexico Las Cruces
41%
idaho-falls Idaho Idaho Falls
40%
pocatello Idaho Pocatello
40%
casper Wyoming Casper
39%
evansville Indiana Evansville
36%
rapid-city South Dakota Rapid City
35%
kearney Nebraska Kearney
26%
great-falls Montana Great Falls
25%
roswell New Mexico Roswell
25%
minot North Dakota Minot
20%
gillette Wyoming Gillette
18%
aberdeen South Dakota Aberdeen
15%
rock-springs Wyoming Rock Springs
9%
No matching quizzes found
Score Distribution
Percent of People with Each Score
Percentile by Number Answered
Your Score History
You have not taken this quiz